[Event "25. Torneo Colllado Villalba"]
[Site "Collado Villalba ESP"]
[Date "2008.08.29"]
[Round "8.1"]
[White "Ortiz Suarez, Isam"]
[Black "Petkov, Vladimir"]
[Result "1-0"]
[WhiteElo "2392"]
[BlackElo "2423"]
[PlyCount "59"]
[EventDate "2008.08.22"]
[EventType "swiss"]
[EventRounds "9"]
[EventCountry "ESP"]
[Source "lmi"]
[SourceDate "2008.08.22"]

1. e4 e5 2. Nf3 Nc6 3. Bb5 a6 4. Ba4 Nf6 5. O-O Be7 6. Re1 b5 7. Bb3 O-O 8. h3
d6 9. c3 Na5 10. Bc2 d5 11. d4 Nxe4 12. dxe5 c5 13. Nbd2 Nxd2 14. Qxd2 Nc4 15.
Qd3 g6 16. b3 Bf5 17. Qe2 Bxc2 18. Qxc2 Nb6 19. Bh6 Re8 20. Qd2 Qc7 21. Nh2 f6
22. exf6 Bxf6 23. Ng4 Bh8 24. Bf4 Qc6 25. Nh6+ Kf8 26. Bg5 Qd6 27. Re3 Rxe3 28.
Bxe3 Nd7 29. Re1 Nf6 30. Bf4 1-0

[Event "25. Torneo Colllado Villalba"]
[Site "Collado Villalba ESP"]
[Date "2008.08.29"]
[Round "8.2"]
[White "Suba, Mihai"]
[Black "Vazquez Igarza, Renier"]
[Result "1/2-1/2"]
[WhiteElo "2507"]
[BlackElo "2540"]
[PlyCount "38"]
[EventDate "2008.08.22"]
[EventType "swiss"]
[EventRounds "9"]
[EventCountry "ESP"]
[Source "lmi"]
[SourceDate "2008.08.22"]

1. c4 e6 2. g3 d5 3. Bg2 Nf6 4. Nf3 c5 5. cxd5 exd5 6. d4 Nc6 7. O-O Be7 8.
dxc5 Bxc5 9. Bg5 O-O 10. Nc3 d4 11. Ne4 Be7 12. Bxf6 Bxf6 13. Ne1 Re8 14. Nd3
Be7 15. Rc1 Bf8 16. Re1 Qb6 17. Qd2 Bf5 18. Nec5 Rac8 19. h3 g6 1/2-1/2

[Event "25. Torneo Colllado Villalba"]
[Site "Collado Villalba ESP"]
[Date "2008.08.29"]
[Round "8.3"]
[White "Pogorelov, Ruslan"]
[Black "Sriram, Jha"]
[Result "0-1"]
[WhiteElo "2459"]
[BlackElo "2429"]
[PlyCount "138"]
[EventDate "2008.08.22"]
[EventType "swiss"]
[EventRounds "9"]
[EventCountry "ESP"]
[Source "lmi"]
[SourceDate "2008.08.22"]

1. Nf3 d5 2. d4 Nf6 3. c4 c6 4. Nc3 dxc4 5. a4 Bf5 6. Ne5 Na6 7. e3 Nb4 8. Bxc4
e6 9. O-O Bd6 10. Qe2 Nc2 11. Rb1 Nd5 12. Bd2 O-O 13. Nxd5 exd5 14. Bd3 Bxd3
15. Qxd3 Nb4 16. Bxb4 Bxb4 17. Qb3 Qe7 18. Nd3 a5 19. Ra1 Bd6 20. Rfc1 f5 21.
g3 h5 22. Ne5 Bxe5 23. dxe5 h4 24. f4 Rf7 25. Kf2 g5 26. Qa3 Qd8 27. Qc5 g4 28.
Rg1 h3 29. Ra3 Qe7 30. Rc1 Qxc5 31. Rxc5 Rd7 32. Rd3 Kf7 33. Rd4 Ke6 34. Ke2
Rdd8 35. b4 axb4 36. Rxb4 Ra7 37. Rc2 Rda8 38. Rcb2 Rb8 39. Kd3 Kd7 40. Kc3 Kc7
41. Kd3 b6 42. Rd4 Ra6 43. Kc3 Rba8 44. Kb3 Rd8 45. Ra2 Ra5 46. Rad2 Rda8 47.
Rb2 c5 48. Rdd2 Kc6 49. Ra2 R8a7 50. Ra3 c4+ 51. Kb4 b5 52. Rda2 bxa4 53. Rxa4
Rb5+ 54. Kc3 Rb3+ 55. Kd2 Rxa4 56. Rxa4 Rb2+ 57. Kc3 Rxh2 58. Ra6+ Kb5 59. Rd6
Kc5 60. e4 fxe4 61. Rd8 e3 62. Rc8+ Kb6 63. e6 d4+ 64. Kxd4 e2 65. Rb8+ Kc7 66.
Rb1 Kd6 67. f5 Rf2 68. Kxc4 Rxf5 69. e7 Re5 0-1

[Event "25. Torneo Colllado Villalba"]
[Site "Collado Villalba ESP"]
[Date "2008.08.29"]
[Round "8.4"]
[White "Gallardo Garcia, Andres"]
[Black "Pozo Vera, Sandro"]
[Result "1/2-1/2"]
[WhiteElo "2408"]
[BlackElo "2454"]
[PlyCount "34"]
[EventDate "2008.08.22"]
[EventType "swiss"]
[EventRounds "9"]
[EventCountry "ESP"]
[Source "lmi"]
[SourceDate "2008.08.22"]

1. d4 d5 2. c4 c6 3. e3 Nf6 4. Nc3 Bf5 5. Nf3 e6 6. Nh4 Be4 7. f3 Bg6 8. Nxg6
hxg6 9. a3 Nh5 10. Qb3 Qc7 11. Ne2 Bd6 12. f4 Nd7 13. g3 g5 14. Bg2 gxf4 15.
exf4 dxc4 16. Qxc4 Nhf6 17. Bd2 Nb6 1/2-1/2

[Event "25. Torneo Colllado Villalba"]
[Site "Collado Villalba ESP"]
[Date "2008.08.29"]
[Round "8.5"]
[White "Cueto, Jonny"]
[Black "Dgebuadze, Alexandre"]
[Result "0-1"]
[WhiteElo "2321"]
[BlackElo "2562"]
[PlyCount "42"]
[EventDate "2008.08.22"]
[EventType "swiss"]
[EventRounds "9"]
[EventCountry "ESP"]
[Source "lmi"]
[SourceDate "2008.08.22"]

1. d4 e6 2. Nf3 f5 3. Bf4 Nf6 4. h3 b6 5. e3 Bb7 6. Be2 Bd6 7. Ne5 O-O 8. Rg1
Nc6 9. Nd2 Nb4 10. g4 Nfd5 11. Bh2 f4 12. e4 Bxe5 13. dxe5 Ne3 14. fxe3 Qh4+
15. Bg3 fxg3 16. Nf3 Qxh3 17. a3 Bxe4 18. axb4 g2 19. Kd2 Rxf3 20. Bxf3 Bxf3
21. Qe1 Qxg4 0-1

[Event "25. Torneo Colllado Villalba"]
[Site "Collado Villalba ESP"]
[Date "2008.08.29"]
[Round "8.6"]
[White "Vassallo Barrochz, Mauricio"]
[Black "Babaev, Rashad"]
[Result "1-0"]
[WhiteElo "2398"]
[BlackElo "2484"]
[PlyCount "61"]
[EventDate "2008.08.22"]
[EventType "swiss"]
[EventRounds "9"]
[EventCountry "ESP"]
[Source "lmi"]
[SourceDate "2008.08.22"]

1. Nf3 Nf6 2. g3 g6 3. Bg2 Bg7 4. d4 O-O 5. O-O d5 6. c4 dxc4 7. Na3 Nc6 8.
Nxc4 Be6 9. b3 a5 10. a4 Bd5 11. e3 Nb4 12. Ba3 Be4 13. Nxa5 Rxa5 14. Bxb4 Rh5
15. Rc1 b6 16. h4 Rd5 17. Qe2 Nh5 18. Ng5 Bxg2 19. Kxg2 h6 20. Nf3 Rd7 21. Rc6
Bf6 22. g4 Rd5 23. gxh5 Qd7 24. Rxf6 exf6 25. Bxf8 Qg4+ 26. Kh2 Rxh5 27. Qd1
Kxf8 28. Rg1 Qe4 29. Rg3 g5 30. Nxg5 Qxh4+ 31. Nh3 1-0

[Event "25. Torneo Colllado Villalba"]
[Site "Collado Villalba ESP"]
[Date "2008.08.29"]
[Round "8.7"]
[White "Castellanos Rodriguez, Renier"]
[Black "Elissalt Cardenas, Hector"]
[Result "1-0"]
[WhiteElo "2438"]
[BlackElo "2329"]
[PlyCount "59"]
[EventDate "2008.08.22"]
[EventType "swiss"]
[EventRounds "9"]
[EventCountry "ESP"]
[Source "lmi"]
[SourceDate "2008.08.22"]

1. e4 e6 2. d4 d5 3. Nc3 Bb4 4. e5 Ne7 5. a3 Bxc3+ 6. bxc3 O-O 7. Bd3 f5 8. h4
b6 9. Ne2 Ba6 10. Nf4 Qd7 11. Bxa6 Nxa6 12. Qd3 Nb8 13. h5 c5 14. h6 g6 15. a4
Qc6 16. O-O Nd7 17. Ba3 Rfc8 18. Qg3 Kf7 19. Qg5 Qc7 20. c4 Qd8 21. Qg3 Qe8 22.
Rfe1 Nf8 23. Qg5 Kg8 24. cxd5 Nxd5 25. Nxd5 exd5 26. e6 Rc7 27. e7 Nd7 28. Re6
Rac8 29. Rae1 Rc6 30. g4 1-0

[Event "25. Torneo Colllado Villalba"]
[Site "Collado Villalba ESP"]
[Date "2008.08.29"]
[Round "8.8"]
[White "Sanchez Guirado, Francisco"]
[Black "Guliev, Logman"]
[Result "0-1"]
[WhiteElo "2415"]
[BlackElo "2436"]
[PlyCount "86"]
[EventDate "2008.08.22"]
[EventType "swiss"]
[EventRounds "9"]
[EventCountry "ESP"]
[Source "lmi"]
[SourceDate "2008.08.22"]

1. d4 Nf6 2. Nf3 e6 3. c4 Bb4+ 4. Nbd2 O-O 5. a3 Be7 6. e4 d5 7. Qc2 dxe4 8.
Nxe4 Nc6 9. Bd3 Nxd4 10. Nxd4 Qxd4 11. Nxf6+ Bxf6 12. Bxh7+ Kh8 13. Be4 Bd7 14.
Qe2 Kg8 15. Bxb7 Rab8 16. Be4 Ba4 17. O-O Bb3 18. Qf3 Qxc4 19. Be3 Bxb2 20.
Rab1 Bc2 21. Bxc2 Qxc2 22. Bxa7 Rb3 23. Qd1 Qc4 24. Qd2 Bxa3 25. Rxb3 Qxb3 26.
Qa5 Bd6 27. Be3 Qd5 28. Qa1 Be5 29. Qa3 Ra8 30. Qe7 Bd6 31. Qh4 c5 32. Rc1 Rc8
33. g3 c4 34. Bd4 Qf5 35. Bc3 Bc5 36. Be1 Qd5 37. Bc3 Qf3 38. Be1 Qe2 39. Kg2
Ba3 40. Rc3 Qxe1 41. Rxa3 c3 42. Qb4 Qd2 43. Kh3 Qh6+ 0-1

[Event "25. Torneo Colllado Villalba"]
[Site "Collado Villalba ESP"]
[Date "2008.08.29"]
[Round "8.9"]
[White "Candela Perez, Jose"]
[Black "Guerra Bastida, Diego"]
[Result "1/2-1/2"]
[WhiteElo "2407"]
[BlackElo "2402"]
[PlyCount "116"]
[EventDate "2008.08.22"]
[EventType "swiss"]
[EventRounds "9"]
[EventCountry "ESP"]
[Source "lmi"]
[SourceDate "2008.08.22"]

1. d4 e6 2. c4 f5 3. g3 Nf6 4. Bg2 d5 5. Nf3 c6 6. O-O Bd6 7. b3 Qe7 8. Bb2 O-O
9. Qc1 b5 10. Ne5 Bb7 11. Nd2 a5 12. Ndf3 b4 13. Nd3 Ne4 14. a3 Na6 15. c5 Bc7
16. axb4 Nxb4 17. Bc3 Nxc3 18. Qxc3 Ba6 19. Nxb4 axb4 20. Qd2 e5 21. Nxe5 Bxe5
22. dxe5 Qxe5 23. Bf3 f4 24. Ra4 fxg3 25. hxg3 Bb5 26. Rxa8 Rxa8 27. Qxb4 Ra2
28. Rd1 Bxe2 29. Re1 h6 30. Kh2 Qf6 31. Rxe2 Rxe2 32. Bxe2 Qxf2+ 33. Kh3 Qxe2
34. Qb8+ Kh7 35. Qd6 Qf1+ 36. Kg4 Qe2+ 37. Kh3 Qf1+ 38. Kh2 Qf2+ 39. Kh3 d4 40.
Qxc6 Qf1+ 41. Kh2 Qe2+ 42. Qg2 Qh5+ 43. Kg1 Qxc5 44. Qe4+ g6 45. Qb7+ Kg8 46.
b4 Qc1+ 47. Kg2 Qc2+ 48. Kf3 Qd3+ 49. Kf2 Qe3+ 50. Kg2 Qe2+ 51. Kh3 d3 52. Qd5+
Kg7 53. Qd4+ Kf7 54. Qd7+ Kf6 55. Qd4+ Ke6 56. Qc4+ Ke5 57. Qc3+ Ke4 58. Qc4+
Ke5 1/2-1/2

[Event "25. Torneo Colllado Villalba"]
[Site "Collado Villalba ESP"]
[Date "2008.08.29"]
[Round "8.11"]
[White "Arauz Alonso, Fernando"]
[Black "Perez De Aranda A, Leonardo I"]
[Result "1/2-1/2"]
[WhiteElo "2097"]
[BlackElo "2233"]
[PlyCount "29"]
[EventDate "2008.08.22"]
[EventType "swiss"]
[EventRounds "9"]
[EventCountry "ESP"]
[Source "lmi"]
[SourceDate "2008.08.22"]

1. d4 f5 2. Nf3 Nf6 3. g3 g6 4. Bg2 Bg7 5. O-O O-O 6. c4 d6 7. Nc3 c6 8. b3 Qa5
9. Bb2 e5 10. dxe5 dxe5 11. e4 f4 12. Qd6 Ne8 13. Qd3 Na6 14. Na4 Bg4 15. Bc3
1/2-1/2

[Event "25. Torneo Colllado Villalba"]
[Site "Collado Villalba ESP"]
[Date "2008.08.29"]
[Round "8.12"]
[White "Sanchez Gonzalez, Sergio"]
[Black "Ivanovitch Balsinde, Nicolas"]
[Result "0-1"]
[WhiteElo "2228"]
[BlackElo "2149"]
[PlyCount "58"]
[EventDate "2008.08.22"]
[EventType "swiss"]
[EventRounds "9"]
[EventCountry "ESP"]
[Source "lmi"]
[SourceDate "2008.08.22"]

1. c4 Nf6 2. Nc3 c5 3. Nf3 Nc6 4. d4 cxd4 5. Nxd4 Qb6 6. Nb3 e6 7. a3 a6 8. e4
Ne5 9. Be2 Qc7 10. Nd2 h5 11. h3 Ng6 12. Nf3 b6 13. Bg5 Bb7 14. Qc2 Rc8 15. g3
Be7 16. Nd2 Nxe4 17. Ndxe4 Bxg5 18. Rd1 Be7 19. O-O h4 20. Qd3 Ne5 21. Qd4 f5
22. f4 Nf7 23. Qxg7 fxe4 24. g4 Qc5+ 25. Rf2 Qe3 26. b4 Bf8 27. Qf6 Rh6 28. Qd4
Qxd4 29. Rxd4 Bg7 0-1

[Event "25. Torneo Colllado Villalba"]
[Site "Collado Villalba ESP"]
[Date "2008.08.29"]
[Round "8.13"]
[White "Ponce Lopez, Miguel"]
[Black "Prieto Martin, Alfonso"]
[Result "0-1"]
[WhiteElo "2170"]
[BlackElo "2175"]
[PlyCount "126"]
[EventDate "2008.08.22"]
[EventType "swiss"]
[EventRounds "9"]
[EventCountry "ESP"]
[Source "lmi"]
[SourceDate "2008.08.22"]

1. e4 c5 2. Nf3 Nf6 3. e5 Nd5 4. c4 Nb6 5. Nc3 e6 6. d4 cxd4 7. Qxd4 Nc6 8. Qe4
d5 9. exd6 Bxd6 10. Bg5 f6 11. Rd1 Qe7 12. Bh4 O-O 13. Bd3 g6 14. O-O Nd7 15.
Rfe1 Nc5 16. Qe3 Bd7 17. a3 a5 18. Bc2 Rad8 19. Qh6 Be8 20. Rd2 Qg7 21. Qe3 b6
22. Ne4 Nxe4 23. Qxe4 e5 24. Red1 Be7 25. Rxd8 Nxd8 26. Qd5+ Bf7 27. Qb5 g5 28.
Bg3 Ne6 29. Qxb6 Ra8 30. Be4 Bc5 31. Qc6 Rb8 32. Bf5 Rb6 33. Qa8+ Qf8 34. Qxa5
Rxb2 35. Bxe6 Bxe6 36. h4 gxh4 37. Rd8 hxg3 38. Rxf8+ Bxf8 39. fxg3 Bxc4 40.
Qc3 Rb1+ 41. Kh2 Bf7 42. Nd2 Rb6 43. Qc8 Rb2 44. Ne4 Kg7 45. Qd8 Bxa3 46. Qxf6+
Kg8 47. Ng5 Rb7 48. Nxf7 Rxf7 49. Qxe5 Bf8 50. Kh3 Bg7 51. Qe6 Bf6 52. Kg4 Kg7
53. Kh5 h6 54. Qf5 Bg5 55. Qg6+ Kf8 56. Qe4 Rg7 57. Kg4 Kg8 58. Qe8+ Kh7 59.
Kh5 Be7 60. Qd7 Rg5+ 61. Kh4 Rg7+ 62. Kh3 Bg5 63. g4 Rxd7 0-1

[Event "25. Torneo Colllado Villalba"]
[Site "Collado Villalba ESP"]
[Date "2008.08.29"]
[Round "8.14"]
[White "Torres Samper, Rafael"]
[Black "Martinez De Miguel, Pedro"]
[Result "1/2-1/2"]
[WhiteElo "2068"]
[BlackElo "2172"]
[PlyCount "86"]
[EventDate "2008.08.22"]
[EventType "swiss"]
[EventRounds "9"]
[EventCountry "ESP"]
[Source "lmi"]
[SourceDate "2008.08.22"]

1. e4 c5 2. Nf3 d6 3. d4 cxd4 4. Qxd4 Nc6 5. Bb5 Bd7 6. Bxc6 Bxc6 7. Nc3 e6 8.
Bg5 Qc7 9. O-O-O h6 10. Bh4 e5 11. Qd3 g5 12. Bg3 a6 13. Nd2 Nf6 14. Nc4 O-O-O
15. f3 b5 16. Ne3 Be7 17. Ncd5 Nxd5 18. Nxd5 Qb7 19. Qc3 Rhe8 20. h4 Kb8 21.
Nxe7 Rxe7 22. hxg5 hxg5 23. Rh6 Red7 24. Rhxd6 f6 25. Qc5 Qc7 26. Rxd7 Rxd7 27.
Rxd7 Qxd7 28. Bf2 Kc8 29. Qf8+ Qd8 30. Qf7 Qd6 31. Be1 Bd7 32. Qg8+ Kb7 33.
Qd5+ Qxd5 34. exd5 g4 35. Bb4 gxf3 36. gxf3 Be8 37. Kd2 Bf7 38. d6 Kc6 39. Ke3
Bg6 40. c3 Bb1 41. f4 Bf5 42. fxe5 fxe5 43. a4 Kd5 1/2-1/2

[Event "25. Torneo Colllado Villalba"]
[Site "Collado Villalba ESP"]
[Date "2008.08.29"]
[Round "8.15"]
[White "Serrano Salvador, Eduardo"]
[Black "Semprun Martinez, Fernando"]
[Result "1-0"]
[WhiteElo "2341"]
[BlackElo "2143"]
[PlyCount "39"]
[EventDate "2008.08.22"]
[EventType "swiss"]
[EventRounds "9"]
[EventCountry "ESP"]
[Source "lmi"]
[SourceDate "2008.08.22"]

1. c4 c5 2. Nc3 Nc6 3. g3 g6 4. Bg2 Bg7 5. d3 d6 6. e4 e5 7. Nge2 Nge7 8. O-O
O-O 9. a3 Rb8 10. Rb1 a5 11. f4 f5 12. Kh1 Nd4 13. exf5 Bxf5 14. Nxd4 exd4 15.
Nd5 b5 16. g4 Bd7 17. f5 Nc6 18. f6 Bxf6 19. Rxf6 Rxf6 20. Bg5 1-0

[Event "25. Torneo Colllado Villalba"]
[Site "Collado Villalba ESP"]
[Date "2008.08.29"]
[Round "8.16"]
[White "Pastor Alonso De Prado, Emilio"]
[Black "Ibanez Aullana, Jose Ramon"]
[Result "0-1"]
[WhiteElo "2138"]
[BlackElo "2301"]
[PlyCount "128"]
[EventDate "2008.08.22"]
[EventType "swiss"]
[EventRounds "9"]
[EventCountry "ESP"]
[Source "lmi"]
[SourceDate "2008.08.22"]

1. e4 c5 2. Nf3 d6 3. c3 Nf6 4. h3 Nc6 5. Bd3 d5 6. e5 Nd7 7. e6 fxe6 8. Ng5
Nf6 9. Bxh7 Nxh7 10. Qh5+ Kd7 11. Nxh7 Qe8 12. Nf6+ exf6 13. Qxh8 b6 14. O-O
Ba6 15. d3 Bxd3 16. Rd1 Bc2 17. Re1 Qg6 18. Nd2 Re8 19. Qh4 Bd6 20. Nf1 Ne5 21.
Re3 Nf7 22. b3 d4 23. cxd4 Rh8 24. Qg4 Qxg4 25. hxg4 cxd4 26. Rh3 Rc8 27. Bd2
e5 28. f3 Ba3 29. Kf2 Bd3 30. Ng3 Rc2 31. Ke1 Ke6 32. Nf5 Bxf5 33. gxf5+ Kxf5
34. Kd1 d3 35. Rh4 Bb2 36. Rb1 Nd6 37. g4+ Ke6 38. a4 e4 39. Rh3 Bc3 40. Bxc3
Rxc3 41. Kd2 Rc2+ 42. Ke3 Re2+ 43. Kd4 f5 44. Rd1 fxg4 45. fxg4 Rg2 46. Rh4 a6
47. Rh5 Rxg4 48. Re5+ Kd7 49. Rd5 Rf4 50. a5 b5 51. Rg1 Ke6 52. Rg6+ Rf6 53.
Rgg5 Ke7 54. Rxg7+ Rf7 55. Rxf7+ Kxf7 56. Ke3 Ke6 57. Rh5 Nf5+ 58. Kd2 b4 59.
Rh8 Kd5 60. Ra8 Kc5 61. Rxa6 Kd4 62. Rc6 e3+ 63. Kd1 d2 64. Rc8 Kd3 0-1

[Event "25. Torneo Colllado Villalba"]
[Site "Collado Villalba ESP"]
[Date "2008.08.29"]
[Round "8.17"]
[White "Martinez Rodriguez, Pablo"]
[Black "Martin Martin, Luis Vicente"]
[Result "1-0"]
[WhiteElo "2244"]
[BlackElo "2094"]
[PlyCount "89"]
[EventDate "2008.08.22"]
[EventType "swiss"]
[EventRounds "9"]
[EventCountry "ESP"]
[Source "lmi"]
[SourceDate "2008.08.22"]

1. d4 Nf6 2. Nf3 e6 3. Bg5 h6 4. Bh4 c5 5. e3 Qb6 6. Nc3 cxd4 7. exd4 Bb4 8.
Bxf6 gxf6 9. Bd3 Nc6 10. O-O Nxd4 11. Nxd4 Qxd4 12. Nb5 Qb6 13. Qg4 Be7 14. Qg7
Rf8 15. a4 a6 16. Na3 d5 17. Rfb1 Qd4 18. Qxh6 Bc5 19. Qd2 Rh8 20. b4 Qh4 21.
bxc5 Qxh2+ 22. Kf1 e5 23. Qe3 Rg8 24. g3 Bg4 25. Ke1 d4 26. Qe4 Qg1+ 27. Bf1
Bh3 28. Qe2 Qh1 29. Nc4 Kf8 30. Nd6 Bg2 31. Rb6 Bf3 32. Qd3 Rh8 33. Rab1 Rb8
34. R1b3 Bd5 35. c4 dxc3 36. Rxc3 Bc6 37. Nf5 Re8 38. Qd6+ Kg8 39. Qxf6 Rh7 40.
Ne7+ Rxe7 41. Qxe7 Bf3 42. Qe8+ Kg7 43. Qxe5+ Kg8 44. Qg5+ Kf8 45. Qd8+ 1-0

[Event "25. Torneo Colllado Villalba"]
[Site "Collado Villalba ESP"]
[Date "2008.08.29"]
[Round "8.18"]
[White "Lorite Cruz, Francisco"]
[Black "De La Fuente Gonzalez, Francisc"]
[Result "1/2-1/2"]
[WhiteElo "2108"]
[BlackElo "2232"]
[PlyCount "44"]
[EventDate "2008.08.22"]
[EventType "swiss"]
[EventRounds "9"]
[EventCountry "ESP"]
[Source "lmi"]
[SourceDate "2008.08.22"]

1. e4 e5 2. Nf3 Nf6 3. Nxe5 d6 4. Nf3 Nxe4 5. Qe2 Qe7 6. d3 Nf6 7. Bg5 Nbd7 8.
Nc3 Qxe2+ 9. Bxe2 h6 10. Bd2 Be7 11. O-O O-O 12. Rfe1 Nb6 13. h3 c6 14. Nd4 Bd7
15. Bf3 Rfe8 16. Bf4 d5 17. a3 Nc8 18. Re2 Bd6 19. Bxd6 Nxd6 20. Rae1 Kf8 21.
Rxe8+ Rxe8 22. Rxe8+ Kxe8 1/2-1/2

[Event "25. Torneo Colllado Villalba"]
[Site "Collado Villalba ESP"]
[Date "2008.08.29"]
[Round "8.19"]
[White "Baigorri Navarro, Fco  Javier"]
[Black "Sotoca Aguado, Jose"]
[Result "1-0"]
[WhiteElo "2178"]
[BlackElo "2040"]
[PlyCount "69"]
[EventDate "2008.08.22"]
[EventType "swiss"]
[EventRounds "9"]
[EventCountry "ESP"]
[Source "lmi"]
[SourceDate "2008.08.22"]

1. Nf3 Nf6 2. c4 e6 3. g3 d5 4. Bg2 Be7 5. O-O O-O 6. Qc2 c5 7. d4 b6 8. dxc5
bxc5 9. Nc3 Bb7 10. Rd1 Qc8 11. cxd5 exd5 12. Ng5 d4 13. Nd5 Bxd5 14. Bxd5 Nc6
15. Bxc6 Qxc6 16. Rxd4 Qb7 17. Rd1 h6 18. Nf3 Ne4 19. Bf4 Rac8 20. b3 Bf6 21.
Be5 Bxe5 22. Nxe5 Ng5 23. f3 Qe7 24. Nc4 Rc6 25. f4 Ne6 26. e3 Re8 27. Rd5 Nc7
28. Re5 Re6 29. Rd1 f6 30. Rxe6 Qxe6 31. Qg6 Nb5 32. Rd5 Nc3 33. Rxc5 Rd8 34.
Rc7 Rd1+ 35. Kg2 1-0

[Event "25. Torneo Colllado Villalba"]
[Site "Collado Villalba ESP"]
[Date "2008.08.29"]
[Round "8.20"]
[White "Cao Armillas, Jesus"]
[Black "Hernandez Yanez, Javier"]
[Result "1-0"]
[WhiteElo "2170"]
[BlackElo "1974"]
[PlyCount "62"]
[EventDate "2008.08.22"]
[EventType "swiss"]
[EventRounds "9"]
[EventCountry "ESP"]
[Source "lmi"]
[SourceDate "2008.08.22"]

1. d4 d5 2. c4 c6 3. Nf3 Nf6 4. Nc3 a6 5. c5 Nbd7 6. Bf4 g6 7. b4 Bg7 8. Qc1
O-O 9. h4 e5 10. Nxe5 Nh5 11. Bg5 Qc7 12. Nf3 Ndf6 13. Bh6 Re8 14. Bxg7 Kxg7
15. e3 Ng4 16. Ne2 f5 17. g3 Qe7 18. Rg1 a5 19. bxa5 Rxa5 20. Qc3 Qc7 21. Bh3
Nhf6 22. Bxg4 fxg4 23. Nd2 Bf5 24. a4 Rea8 25. Qb3 R8a6 26. Nc3 b5 27. cxb6
Rxb6 28. Qa3 Qb7 29. Ra2 Qa6 30. Qe7+ Kg8 31. Qxf6 Qd3 1-0

[Event "25. Torneo Colllado Villalba"]
[Site "Collado Villalba ESP"]
[Date "2008.08.22"]
[Round "1.1"]
[White "Rodriguez Gomez, Vicente"]
[Black "Dgebuadze, Alexandre"]
[Result "0-1"]
[WhiteElo "2039"]
[BlackElo "2562"]
[PlyCount "110"]
[EventDate "2008.08.22"]
[EventType "swiss"]
[EventRounds "9"]
[EventCountry "ESP"]
[Source "lmi"]
[SourceDate "2008.08.22"]

1. e4 e6 2. d4 d5 3. Nc3 Bb4 4. e5 Ne7 5. a3 Bxc3+ 6. bxc3 c5 7. Bd2 Nbc6 8.
Nf3 Bd7 9. Bd3 Qc7 10. O-O c4 11. Be2 f6 12. exf6 gxf6 13. Nh4 O-O-O 14. f4 Ng6
15. Qe1 Nce7 16. Bh5 Rhg8 17. Nxg6 hxg6 18. Bg4 Qc6 19. Qh4 Rdf8 20. Rae1 Rh8
21. Qg3 Qd6 22. Qe3 f5 23. Bf3 g5 24. Qe5 Qxe5 25. dxe5 g4 26. Be2 Rh7 27. g3
Ba4 28. Rc1 Nc6 29. Be3 b6 30. Rf2 Na5 31. Bf1 Rg8 32. Rb1 Kc7 33. Rb4 Bc6 34.
Bg2 Rgh8 35. Bh1 Nb7 36. Re2 Nc5 37. Bd4 Bb7 38. Be3 a5 39. Bxc5 axb4 40. Bxb4
Bc6 41. Rd2 Kd7 42. Re2 Ke8 43. Rd2 Kf7 44. Re2 Kg6 45. Rd2 Ba4 46. Re2 Ra7 47.
Bg2 Bc6 48. Bh1 Rha8 49. Kf2 Rxa3 50. Bxa3 Rxa3 51. Bg2 Rxc3 52. Ke1 Ba4 53.
Kd1 d4 54. Bb7 d3 55. Rf2 dxc2+ 0-1

[Event "25. Torneo Colllado Villalba"]
[Site "Collado Villalba ESP"]
[Date "2008.08.22"]
[Round "1.2"]
[White "Vazquez Igarza, Renier"]
[Black "Garcia Galeote, Lorenzo"]
[Result "1-0"]
[WhiteElo "2540"]
[BlackElo "2037"]
[PlyCount "61"]
[EventDate "2008.08.22"]
[EventType "swiss"]
[EventRounds "9"]
[EventCountry "ESP"]
[Source "lmi"]
[SourceDate "2008.08.22"]

1. d4 d5 2. c4 e6 3. Nc3 Nf6 4. cxd5 exd5 5. Bg5 Be7 6. e3 c6 7. Qc2 Nh5 8.
Bxe7 Kxe7 9. O-O-O g6 10. e4 Be6 11. f3 Qa5 12. Qd2 Qc7 13. Kb1 Qf4 14. Qe1 Kf8
15. Nh3 Qd6 16. g4 Ng7 17. Ng5 h6 18. Nxe6+ Nxe6 19. f4 Nxf4 20. Qg3 Qc7 21.
Bg2 dxe4 22. Nxe4 Na6 23. Rhf1 Nxg2 24. Qxg2 Re8 25. d5 cxd5 26. Nf6 Re6 27.
Rxd5 Qe7 28. Qf2 Kg7 29. Nd7 f6 30. Nxf6 Rxf6 31. Qxf6+ 1-0

[Event "25. Torneo Colllado Villalba"]
[Site "Collado Villalba ESP"]
[Date "2008.08.22"]
[Round "1.3"]
[White "Ferreiro Calvo, Manuel"]
[Black "Suba, Mihai"]
[Result "0-1"]
[WhiteElo "2034"]
[BlackElo "2507"]
[PlyCount "102"]
[EventDate "2008.08.22"]
[EventType "swiss"]
[EventRounds "9"]
[EventCountry "ESP"]
[Source "lmi"]
[SourceDate "2008.08.22"]

1. d4 Nf6 2. c4 e6 3. Nf3 a6 4. Bg5 h6 5. Bh4 b5 6. e3 bxc4 7. Bxc4 d5 8. Bb3
c5 9. O-O Nbd7 10. Nc3 Be7 11. Rc1 cxd4 12. exd4 O-O 13. Re1 Bb7 14. Ne5 Nxe5
15. Rxe5 Rc8 16. Bc2 Qa5 17. Qd3 Rfe8 18. Re3 Kf8 19. Rce1 Ne4 20. Bxe7+ Rxe7
21. Bb3 Rec7 22. Nxe4 dxe4 23. Qb1 Qb4 24. Rd1 Rd7 25. a3 Qb6 26. Bc2 Rxd4 27.
Rb3 Qc5 28. Rxd4 Qxd4 29. Rxb7 Qd2 30. Qd1 Rxc2 31. Qxd2 Rxd2 32. Kf1 g5 33. h3
Kg7 34. a4 a5 35. b3 Rb2 36. Rb5 Kg6 37. g3 h5 38. h4 gxh4 39. gxh4 f6 40. Rxa5
Rxb3 41. Rb5 Ra3 42. a5 e5 43. Ke2 Ra2+ 44. Ke3 Kf5 45. Rc5 Ra3+ 46. Kd2 Rf3
47. Kc1 Rxf2 48. Rc2 e3 49. Kd1 Rf1+ 50. Ke2 Ra1 51. Rc5 Kf4 0-1

[Event "25. Torneo Colllado Villalba"]
[Site "Collado Villalba ESP"]
[Date "2008.08.22"]
[Round "1.4"]
[White "Babaev, Rashad"]
[Black "Montañes Arribas, Adrian"]
[Result "1-0"]
[WhiteElo "2484"]
[BlackElo "2034"]
[PlyCount "35"]
[EventDate "2008.08.22"]
[EventType "swiss"]
[EventRounds "9"]
[EventCountry "ESP"]
[Source "lmi"]
[SourceDate "2008.08.22"]

1. e4 c5 2. Nf3 d6 3. d4 cxd4 4. Nxd4 Nf6 5. Nc3 a6 6. Be2 e6 7. a4 Qc7 8. O-O
Nbd7 9. f4 Nc5 10. Bf3 Rb8 11. Kh1 b6 12. e5 dxe5 13. fxe5 Nfd7 14. Bf4 Bb7 15.
b4 Nb3 16. cxb3 Qxc3 17. Bxb7 Rxb7 18. Rc1 1-0

[Event "25. Torneo Colllado Villalba"]
[Site "Collado Villalba ESP"]
[Date "2008.08.22"]
[Round "1.5"]
[White "Sanchez-Alarcos Galian, Victor"]
[Black "Moreno Ruiz, Javier"]
[Result "1/2-1/2"]
[WhiteElo "2026"]
[BlackElo "2470"]
[PlyCount "46"]
[EventDate "2008.08.22"]
[EventType "swiss"]
[EventRounds "9"]
[EventCountry "ESP"]
[Source "lmi"]
[SourceDate "2008.08.22"]

1. d4 Nf6 2. Nf3 g6 3. Nc3 d5 4. Bf4 Bg7 5. Qd2 c6 6. O-O-O O-O 7. Bh6 Nbd7 8.
Bxg7 Kxg7 9. h4 h5 10. Ng5 b5 11. Kb1 Nb6 12. e4 b4 13. Ne2 dxe4 14. Ng3 Nbd5
15. N3xe4 Rb8 16. Ka1 Qa5 17. Bc4 Nb6 18. Bb3 Nfd5 19. f3 Rh8 20. Rde1 Qb5 21.
Nc5 e6 22. g4 a5 23. Qh2 Nd7 1/2-1/2